[Event "Oberliga Nord W 1920"]
[Site "Germany"]
[Date "2020.03.01"]
[Round "7.8"]
[White "Bierenbroodspot, Paul"]
[Black "Tiedemann, Joerg"]
[Result "0-1"]
[WhiteElo "2111"]
[BlackElo "1926"]
[PlyCount "82"]
[EventDate "2019.09.29"]
[EventType "team-tourn"]
[EventRounds "9"]
[EventCountry "GER"]
[SourceTitle "CBM 195 Extra"]
[Source "ChessBase"]
[SourceDate "2020.05.31"]
[SourceVersion "1"]
[SourceVersionDate "2020.05.31"]
[SourceQuality "1"]

1. d4 d5 2. Nc3 Nf6 3. Bf4 e6 4. e3 a6 5. g4 Bb4 6. Bd3 Nc6 7. Nge2 h6 8. h3 Qe7 9. a3 Bd6 10. Bxd6 cxd6 11. Nf4 g5 12. Nh5 Nxh5 13. gxh5 f5 14. Be2 Bd7 15. Qd2 Qf6 16. 0-0-0 Ne7 17. f4 0-0-0 18. Bf3 Rhg8 19. Qf2 Rg7 20. Rd3 Kb8 21. Qh2 Be8 22. Rg1 Ka8 23. Rd2 Nc8 24. Qf2 Bf7 25. Rdd1 Rdg8 26. Rh1 Qd8 27. Rdg1 Nb6 28. b3 Nd7 29. Kb2 Nf6 30. Qe2 Qe8 31. Na4 Bxh5 32. Bxh5 Qxh5 33. Qd2 Qe8 34. Qb4 Qc6 35. fxg5 Rxg5 36. Rc1 Rg2 37. Ka1 b5 38. Nb2 Ne4 39. c4 bxc4 40. bxc4 Rb8 41. Qa4 Qxa4 0-1

[Event "Lueneburg distr-ch Haupt"]
[Site "Tostedt"]
[Date "2015.10.24"]
[Round "6.2"]
[White "Tiedemann, Joerg"]
[Black "Gerken, Fronke"]
[Result "1/2-1/2"]
[WhiteElo "1916"]
[BlackElo "1758"]
[PlyCount "54"]
[EventDate "2015.10.22"]
[EventType "swiss"]
[EventRounds "7"]
[EventCountry "GER"]
[SourceTitle "EXT 2019"]
[Source "ChessBase"]
[SourceDate "2018.10.10"]
[SourceVersion "1"]
[SourceVersionDate "2018.10.10"]
[SourceQuality "1"]

1. e4 e6 2. d4 d5 3. Nd2 Nf6 4. e5 Nfd7 5. f4 c5 6. c3 Nc6 7. Ngf3 Qb6 8. Qb3 cxd4 9. Qxb6 Nxb6 10. Nxd4 Bd7 11. N2f3 Bc5 12. Be3 Rc8 13. Bd3 Na4 14. Rb1 Nxd4 15. Nxd4 a6 16. Ke2 Ke7 17. g3 Rc7 18. Rhc1 Rhc8 19. Rc2 Bb6 20. Nb3 Bxe3 21. Kxe3 b5 22. a3 Nb6 23. Kd4 Nc4 24. Nd2 Bc6 25. Rbc1 Bb7 26. Nb1 Na5 27. Nd2 Nc4 1/2-1/2

[Event "Lueneburg distr-ch Haupt"]
[Site "Tostedt"]
[Date "2015.10.22"]
[Round "2.5"]
[White "Tiedemann, Joerg"]
[Black "Bieler, Janek"]
[Result "1-0"]
[WhiteElo "1916"]
[BlackElo "1123"]
[PlyCount "77"]
[EventDate "2015.10.22"]
[EventType "swiss"]
[EventRounds "7"]
[EventCountry "GER"]
[SourceTitle "EXT 2019"]
[Source "ChessBase"]
[SourceDate "2018.10.10"]
[SourceVersion "1"]
[SourceVersionDate "2018.10.10"]
[SourceQuality "1"]

1. e4 e5 2. Nf3 Nc6 3. Bc4 Bc5 4. c3 d6 5. d4 Bb6 6. dxe5 Qe7 7. exd6 Qxe4+ 8. Be2 Bg4 9. 0-0 cxd6 10. Re1 0-0-0 11. h3 Bh5 12. Nbd2 Qd5 13. Nc4 Qxd1 14. Nxb6+ Kc7 15. Rxd1 Kxb6 16. Bf4 d5 17. b4 Nge7 18. g4 Bg6 19. a4 a6 20. Be3+ Kc7 21. a5 Kd7 22. Bb6 Rc8 23. b5 axb5 24. Bxb5 Be4 25. Ng5 Ke8 26. Nxe4 dxe4 27. Re1 Kf8 28. Rxe4 Nd5 29. Bc5+ Nce7 30. Bxe7+ Nxe7 31. Rae1 Nc6 32. Bxc6 bxc6 33. Re7 g6 34. Rb7 Kg7 35. Ree7 Rhf8 36. a6 Kf6 37. f4 c5 38. a7 Ra8 39. Rec7 1-0